000 00594nam a2200229Ia 4500
003 OSt
005 20220918202208.0
006 a|||||r|||| 00| 0
007 ta
008 220917b |||||||| |||| 00| 0 eng d
024 _a99,444
037 _cTextual
040 _aARTS
_cARTS
_beng
041 _2eng
_aeng
082 _aV2:19:N5, K5
100 _aBisheshwar
_9102678
245 0 _aOur foreign policy legacy
_b satudy of British Indian foreign policy
260 _c1965
650 _aHISTORY
942 _hV2:19:N5, K5
_cTEXL
_2CC
999 _c223020
_d223020